Tiếng Anh chuyên ngành quản lý Professional English Management

Đã lưu trong:
書目詳細資料
主要作者: Mai, Lan Phương
企業作者: Nhóm First Book
其他作者: Nguyễn Thanh Yến
格式: 圖書
語言:English
出版: Hà Nội Hồng Đức 2013
主題:
標簽: 添加標簽
沒有標簽, 成為第一個標記此記錄!
Thư viện lưu trữ: Trung tâm Học liệu Lê Vũ Hùng, Trường Đại học Đồng Tháp
LEADER 00817pam a22002418a 4500
001 00046496
005 20210311080359.0
008 170518s2005 ||||||engsd
020 # # |c 23000 
041 0 # |a viet 
082 1 4 |a 658  |b T306A 
100 1 # |a Mai, Lan Phương 
245 1 0 |a Tiếng Anh chuyên ngành quản lý  |c Mai Lan Hương, Nguyễn Thanh Yên  |b Professional English Management 
260 # # |a Hà Nội  |b Hồng Đức  |c 2013 
300 # # |a 143tr.  |c 27cm 
653 # # |a Business 
653 # # |a Kinh doanh 
653 # # |a Quản lý 
653 # # |a Tiếng Anh 
700 # # |a Nguyễn Thanh Yến 
710 # # |a Nhóm First Book 
852 # # |j KM.0035154  |j KM.0035155  |j KM.0035156  |j KM.0035157  |j KD.0027871 
980 # # |a Trung tâm Học liệu Lê Vũ Hùng, Trường Đại học Đồng Tháp